|
|
|
|
| LEADER |
00000naa2a2200000 4500 |
| 001 |
612666 |
| 005 |
20260425165038.0 |
| 035 |
|
|
|a (RuTPU)RU\TPU\conf\10797
|
| 035 |
|
|
|a RU\TPU\conf\10795
|
| 090 |
|
|
|a 612666
|
| 100 |
|
|
|a 20150623d2015 k y0rusy50 ca
|
| 101 |
0 |
|
|a rus
|
| 102 |
|
|
|a RU
|
| 135 |
|
|
|a drgn ---uucaa
|
| 181 |
|
0 |
|a i
|
| 182 |
|
0 |
|a b
|
| 200 |
1 |
|
|a Об одном подходе к расчету параметров среды на внутренних границах газосборной сети газового промысла
|f В. М. Белов, В. В. Жаровцев
|
| 203 |
|
|
|a Текст
|c электронный
|
| 225 |
1 |
|
|a Математическое моделирование в фундаментальных и прикладных исследованиях
|
| 300 |
|
|
|a Заглавие с титульного экрана
|
| 320 |
|
|
|a [Библиогр.: с. 88 (3 назв.)]
|
| 337 |
|
|
|a Adobe Reader
|
| 463 |
|
1 |
|0 (RuTPU)RU\TPU\conf\10637
|t Физико-технические проблемы в науке, промышленности и медицине
|o сборник тезисов докладов VII Международной научно-практической конференции, г. Томск, 3-6 июня 2015 г.
|f Национальный исследовательский Томский политехнический университет (ТПУ) ; под ред. А. Н. Дьяченко [и др.]
|v [С. 88]
|d 2015
|
| 610 |
1 |
|
|a труды учёных ТПУ
|
| 610 |
1 |
|
|a электронный ресурс
|
| 610 |
1 |
|
|a расчеты
|
| 610 |
1 |
|
|a параметры
|
| 610 |
1 |
|
|a среды
|
| 610 |
1 |
|
|a внутренние границы
|
| 610 |
1 |
|
|a газовые промыслы
|
| 610 |
1 |
|
|a газосборные сети
|
| 700 |
|
1 |
|a Белов
|b В. М.
|c математик
|c доцент Томского политехнического универсиета, кандидат физико-математических наук
|f 1956-
|g Виктор Михайлович
|3 (RuTPU)RU\TPU\pers\27817
|
| 701 |
|
1 |
|a Жаровцев
|b В. В.
|
| 712 |
0 |
2 |
|a Национальный исследовательский Томский политехнический университет (ТПУ)
|b Физико-технический институт (ФТИ)
|b Кафедра высшей математики (ВМ)
|3 (RuTPU)RU\TPU\col\18728
|
| 801 |
|
2 |
|a RU
|b 63413507
|c 20210210
|g RCR
|
| 856 |
4 |
|
|u http://earchive.tpu.ru/handle/11683/17601
|
| 856 |
4 |
|
|u http://www.lib.tpu.ru/fulltext/c/2015/C49/063.pdf
|
| 942 |
|
|
|c BK
|